000 00726nam a2200229Ia 4500
003 GCL
008 140319s9999 xx 000 0 ara d
040 _aGCL /
_cGCL
082 0 4 _a812.009
_bن ل
100 1 _aنبيل راغب
245 1 0 _aلغة المسرح عند الفريد فرج /
_cنبيل راغب
260 _a[S.N] :
_bالهيئة المصرية العامة للكتاب ،
_c1986
300 _a235 ص
490 _aدراسات ادبية
_v0
650 0 4 _aالادب العربى
650 0 4 _aالتذوق المسرحى
650 0 4 _aالفنون المسرحية
650 0 4 _aالمسرح العربى
650 0 4 _aالفريد فرج
650 0 4 _aتاريخ ونقد
942 _2ddc
_cBK
999 _c29506
_d29506